Sociology in a changing world. / (Record no. 2245)

MARC details
000 -LEADER
fixed length control field 01578cam a2200277 a 4500
001 - CONTROL NUMBER
control field 13463916
005 - DATE AND TIME OF LATEST TRANSACTION
control field 20210414114134.0
008 - FIXED-LENGTH DATA ELEMENTS--GENERAL INFORMATION
fixed length control field 040121s2005 cauab b 001 0 eng
010 ## - LIBRARY OF CONGRESS CONTROL NUMBER
LC control number 2004100837
020 ## - INTERNATIONAL STANDARD BOOK NUMBER
International Standard Book Number 0534636799 (Advantage series)
040 ## - CATALOGING SOURCE
Original cataloging agency DLC
Transcribing agency DLC
050 00 - LIBRARY OF CONGRESS CALL NUMBER
Classification number HM586.K67
100 1# - MAIN ENTRY--PERSONAL NAME
Personal name Kornblum, William.
245 10 - TITLE STATEMENT
Title Sociology in a changing world. /
Statement of responsibility, etc. William Kornblum in collaboration with Carolyn D. Smith.
250 ## - EDITION STATEMENT
Edition statement 7th ed.
260 ## - PUBLICATION, DISTRIBUTION, ETC.
Place of publication, distribution, etc. Belmont, CA :
Name of publisher, distributor, etc. Thomson/Wadsworth,
Date of publication, distribution, etc. c2005.
300 ## - PHYSICAL DESCRIPTION
Extent xxxiii, 694 p. :
Other physical details ill.;
Dimensions 29 cm.
504 ## - BIBLIOGRAPHY, ETC. NOTE
Bibliography, etc. note Includes bibliographical references (p. 647-670) and indexes.
505 ## - FORMATTED CONTENTS NOTE
Formatted contents note Contents: Social foundations: Sociology: an introduction -- The Tools of sociology -- Culture -- Societies and nations -- Social dynamics: Socialization -- Interaction in groups -- Deviance and social control -- Collective behavior, social movements, and mass publics -- Population and urbanization -- Global social change -- Social divisions: Stratification and global inequality -- Inequalities of social class -- Inequalities of race and ethnicity -- Inequalities of gender -- Inequalities of youth and age -- Social institutions: The Family -- Religion -- Education -- Economic institutions -- Politics and political institutions -- Technology, environment, and health.
650 #0 - SUBJECT ADDED ENTRY--TOPICAL TERM
Topical term or geographic name entry element Sociology.
700 1# - ADDED ENTRY--PERSONAL NAME
Personal name Smith, Carolyn D.
906 ## - LOCAL DATA ELEMENT F, LDF (RLIN)
a 7
b cbc
c origcop
d 2
e epcn
f 20
g y-gencatlg
942 ## - ADDED ENTRY ELEMENTS (KOHA)
Source of classification or shelving scheme Library of Congress Classification
Koha item type Books
Holdings
Withdrawn status Lost status Source of classification or shelving scheme Damaged status Not for loan Home library Current library Shelving location Date acquired Total Checkouts Full call number Barcode Date last seen Copy number Price effective from Koha item type
    Library of Congress Classification     WISCONSIN INTERNATIONAL UNIVERSITY COLLEGE, GHANA - MAIN LIBRARY WISCONSIN INTERNATIONAL UNIVERSITY COLLEGE, GHANA - MAIN LIBRARY Reference 30/08/2012   HM586 .K67 7064/81/13 30/08/2012 1 30/08/2012 Books
    Library of Congress Classification     WISCONSIN INTERNATIONAL UNIVERSITY COLLEGE, GHANA - MAIN LIBRARY WISCONSIN INTERNATIONAL UNIVERSITY COLLEGE, GHANA - MAIN LIBRARY Reference 29/04/2014   HM586.K671 7065/82/13 29/04/2014 2 29/04/2014 Books
    Library of Congress Classification     WISCONSIN INTERNATIONAL UNIVERSITY COLLEGE, GHANA - MAIN LIBRARY WISCONSIN INTERNATIONAL UNIVERSITY COLLEGE, GHANA - MAIN LIBRARY Reference 29/04/2014   HM586.K672 7066/83/13 29/04/2014 3 29/04/2014 Books
    Library of Congress Classification     WISCONSIN INTERNATIONAL UNIVERSITY COLLEGE, GHANA - MAIN LIBRARY WISCONSIN INTERNATIONAL UNIVERSITY COLLEGE, GHANA - MAIN LIBRARY General Stacks 18/02/2015   HM586.K67 4119/12 18/02/2015 1 18/02/2015 Books

If you have any concerns or questions; kindly contact the library


© Powered by WIUC ICT DIRECTORATE